000 00517nam a2200169Ia 4500
999 _c21232
_d21232
003 OSt
005 20200610144111.0
008 190216s9999||||xx |||||||||||||| ||und||
020 _a9788130706603
040 _coclc
082 _a294.59218
_bSEN/M
100 _aSen, Sris Chandra
_92749
245 4 _aThe Mystic Philosophy Of The Upanishads /
_cSris Chandra Sen
260 _bCosmo Publications,
_c2008.
_aNew Delhi:
300 _a359p
942 _cBK
_2ddc
_h294.59218
_iSEN/M
_k294.59218
_mSEN/M